Lotniska cywilne w Polsce - Statystyki

Ogólne statystyki
  • Ten quiz został rozwiązany 751 razy
    742 od ostatniego zresetowania
  • Średni wynik to 13 z 15
Statystyki odpowiedzi
Liczba obsłużonych pasażerów w 2018 roku Główne miasto dla portu % Poprawnych
17737231 Warszawa
100%
3080699 Warszawa
100%
6759683 Kraków
98%
4966949 Gdańsk
97%
3293948 Wrocław
95%
4825845 Katowice
94%
246418 Poznań
92%
598633 Szczecin
91%
217426 Łódź
85%
0 Radom
85%
796475 Rzeszów
85%
454103 Lublin
81%
398066 Bydgoszcz
76%
117102 Olsztyn
71%
21269 Zielona Góra
67%
Nie znaleziono quizów pasujących do podanych kryteriów
Rozkład punktacji
Procent ludzi z każdym wynikiem
Percentyl według liczby udzielonych odpowiedzi
Twoja historia wyników
Nie rozwiązałeś tego quizu od ostatniego zresetowania